| 000 | 00366nam a22001577a 4500 | ||
|---|---|---|---|
| 003 | SGT | ||
| 020 | _a9789386660954 | ||
| 082 |
_a615.53 _bA22B |
||
| 100 | _aBHAT, SHOBHA.K. | ||
| 245 | _aA TEXT BOOK OF AGADA TANTRA | ||
| 260 |
_aVARANASI _bCHAUKHAMBHA ORIN. PUB. _c2022 |
||
| 300 | _a378 | ||
| 650 | _aAGAD TANTRA | ||
| 653 | _aAGAD, TANTRA | ||
| 942 |
_2ddc _cBK _034 |
||
| 999 |
_c27482 _d27482 |
||